02821nab a2200265uuc4500001000800000005001700008008004100025035001200066035002100078040001300099041001300112100004100125245023100166520159900397650003701996650002702033650002802060650002502088700004302113700004302156700004402199773016002243856008602403856006602489128338820240704152416.0120518e20110701 mul  a1283388 a(OCoLC)820639612 ccomduadb aENGamul10aEspinal Botero, Gabriel E.4auteaut10aCambios esqueléticos, faciales y dentoalveolares producidos por el tratamiento con placas de acetato y elásticos de clase III en pacientes con mesiorrelación esquelética y dental en dentición decidua o mixta temprana3 aIntroducción: el propósito fue establecer los cambios clínicos y radiográficos con el uso durante un año de placas de acetato bimaxilares con elásticos de clase III para el tratamiento de la clase III esquelética en pacientes con dentición decidua o mixta temprana. Métodos: se hizo un estudio clínico prospectivo cuasi-experimental en 26 sujetos entre tres y nueve años. Se tomaron radiografías cefálicas laterales y modelos de estudio al inicio, a los seis meses y al año de tratamiento, se evaluaron cambios postratamiento después de tres años en cinco sujetos. En el análisis estadístico se obtuvieron medidas descriptivas y se utilizó la prueba Anova de medidas repetidas para determinar los cambios en el tiempo y se utilizó la prueba no paramétrica de Wilcoxon, con nivel de significancia de 0,005. Resultados: se obtuvieron cambios esqueléticos favorables a nivel mandibular en los ángulos SNB, facial y goníaco, la distancia pog. perpendicular a N, altura facial anterior inferior, y eje Y; dentoalveolarmente una mejoría en la sobremordida horizontal y el Witts, mejoría en la estética facial evidenciada por la disminución del ángulo FH plano E y de la protrusión del labio inferior. Después de tres años de finalizado el tratamiento se encontró estabilidad en los resultados. Conclusiones: las placas de acetato con elásticos de clase III fueron una terapia efectiva y estable a tres años de evaluación postratamiento para el mejoramiento facial, de la clase III esquelética y la mordida cruzada anterior. aMaloclusión de Angle clase III aAparatos ortopédicos 7aDentición mixta2decs aDentición primaria10aBetancur Pérez, John Jairo4auteaut10aBlandón Uribe, Ana María4auteaut10aOrtiz Burgos, Paola Alejandra4auteaut0 tRevista Facultad de Odontología. Universidad de Antioquia (Medellín)gVolumen 23, Número 01, Julio-Diciembre 2011, p. 37-55w385976z0121246X01099144 uhttp://aprendeenlinea.udea.edu.co/revistas/index.php/odont/article/view/2378/99854 uhttp://bibliotecadigital.udea.edu.co/dspace/handle/10495/4676